| 000 | 00493nam a2200181Ia 4500 | ||
|---|---|---|---|
| 008 | 240925s9999 xx 000 0 und d | ||
| 020 | _a9788184313901 | ||
| 082 | _a621.38173 BAK | ||
| 100 | _aBakshi, U. A; Godse, P. Atul | ||
| 245 | 0 | _aLinear ICs and Applications | |
| 250 | _a1st | ||
| 260 |
_aPune: _bTechnical Publications _c,2009. |
||
| 300 |
_aVarious pages _bN.A _fOriginal |
||
| 500 | _aIncludes Index | ||
| 600 | _aElectronic Engineering | ||
| 650 | _aTechnology | ||
| 942 | _cBK | ||
| 999 |
_c11190 _d11190 |
||